000 01053cam a2200373 4500
008 000000n2001 000 0 eng u
020 _a1856053333
035 _a(Sirsi) u114195
041 _aeng
050 _a306.0212
110 _aUnited Kingdom
_bDepartment of Trade and Industry
245 _aConstruction statistics annual: 2001 edition
250 _a2nd
260 _aLondon
_bDTI
_c2001
300 _a247p. ; 30cm.
350 _a£45.00
650 _aBUILT ENVIRONMENT-BUILDING COSTS
650 _aCONSTRUCTION INDUSTRY
650 _aCONSTRUCTION STATISTICS
650 _aCOST INDICES
650 _aEMPLOYMENT
650 _aFLOORSPACE STATISTICS
650 _aGOVERNMENT CONSTRUCTION PROJECTS
650 _aHOUSING STATISTICS
650 _aKEY PERFORMANCE INDICATORS
650 _aLOCAL AUTHORITIES
650 _aNATIONAL LOTTERY
650 _aPLANNING APPLICATIONS
650 _aPRICE INDICES
650 _aPRIVATE FINANCE INITIATIVE
650 _aSTATISTICS
690 _aBUILT ENVIRONMENT
942 _n0
999 _c101584
_d101584